Pediatric hematology-oncology : (Record no. 1658)

MARC details
000 -LEADER
fixed length control field 00950cam a2200289 i 4500
001 - CONTROL NUMBER
control field 1335817
003 - CONTROL NUMBER IDENTIFIER
control field OSt
005 - DATE AND TIME OF LATEST TRANSACTION
control field 20150429161356.0
008 - FIXED-LENGTH DATA ELEMENTS--GENERAL INFORMATION
fixed length control field 791011s1980 nyua b 001 0 eng
010 ## - LIBRARY OF CONGRESS CONTROL NUMBER
LC control number 79004344
020 ## - INTERNATIONAL STANDARD BOOK NUMBER
International Standard Book Number 0070363404
040 ## - CATALOGING SOURCE
Original cataloging agency DLC
Transcribing agency DLC
Modifying agency DLC
050 00 - LIBRARY OF CONGRESS CALL NUMBER
Classification number RJ411
Item number .L36
060 ## - NATIONAL LIBRARY OF MEDICINE CALL NUMBER
Classification number WS300 L297p
082 00 - DEWEY DECIMAL CLASSIFICATION NUMBER
Classification number WS300 L297p 1980
100 1# - MAIN ENTRY--PERSONAL NAME
Personal name Lanzkowsky, Philip,
Dates associated with a name 1932-
9 (RLIN) 4381
245 10 - TITLE STATEMENT
Title Pediatric hematology-oncology :
Remainder of title a treatise for the clinician /
Statement of responsibility, etc. Philip Lanzkowsky.
260 ## - PUBLICATION, DISTRIBUTION, ETC. (IMPRINT)
Place of publication, distribution, etc. New York :
Name of publisher, distributor, etc. McGraw-Hill,
Date of publication, distribution, etc. c1980.
300 ## - PHYSICAL DESCRIPTION
Extent xii, 432 p. :
Other physical details ill. ;
Dimensions 25 cm.
504 ## - BIBLIOGRAPHY, ETC. NOTE
Bibliography, etc Includes bibliographical references and index.
650 #0 - SUBJECT ADDED ENTRY--TOPICAL TERM
Topical term or geographic name as entry element Pediatric hematology.
9 (RLIN) 4382
650 #0 - SUBJECT ADDED ENTRY--TOPICAL TERM
Topical term or geographic name as entry element Tumors in children.
9 (RLIN) 3628
650 #2 - SUBJECT ADDED ENTRY--TOPICAL TERM
Topical term or geographic name as entry element Hematologic diseases
General subdivision In infancy and childhood.
9 (RLIN) 4383
650 #2 - SUBJECT ADDED ENTRY--TOPICAL TERM
Topical term or geographic name as entry element Neoplasms
General subdivision In infancy and childhood.
9 (RLIN) 4384
906 ## - LOCAL DATA ELEMENT F, LDF (RLIN)
a 7
b cbc
c orignew
d 1
e ocip
f 19
g y-gencatlg
942 ## - ADDED ENTRY ELEMENTS (KOHA)
Source of classification or shelving scheme Other/Generic Classification Scheme
Koha item type Short Loan
Holdings
Withdrawn status Lost status Source of classification or shelving scheme Damaged status Not for loan Home library Current library Date acquired Source of acquisition Inventory number Total Checkouts Full call number Barcode Date last seen Price effective from Koha item type
    Other/Generic Classification Scheme     MUST Main Library MUST Main Library 29/04/2015   1994/7146   WS300 L297p 1980 2015-1257 29/04/2015 29/04/2015 Short Loan